লোডিং...

An index to the genera and species of the foraminifera

গ্রন্থ-পঞ্জীর বিবরন
প্রধান লেখক: Thalmann,hans E
ভাষা:English
প্রকাশিত: California George vanderbilt foundation 1960
LEADER 00370nam a22001217a 4500
005 20151028162405.0
008 100531t xxu||||| |||| 00| 0 eng d
082 |a 593.12016  |b L0 
100 |a Thalmann,hans E  |9 27536 
245 |a An index to the genera and species of the foraminifera  
942 |c REF  |6 _ 
260 |a California  |b George vanderbilt foundation   |c 1960 
999 |c 81432  |d 81432